000 01369nam a22003617a 4500
003 CHAP
005 20220329134837.0
008 971013s r 10010 d
010 _a26839
011 _a27811
035 _a31912
040 _cCHAP
082 _a634.81
_bC6 1980
111 0 0 _aCongreso Internacional de la Vid y el Vino (
_n12
_d: 1980
_c: Trijuana, B. C.)
_926774
245 _aPonencias
260 _a(s.l.) :
_b(s.e.),
_c(s.a.)
300 _a3 v.
501 _aEnc. en 3 v. arbitrariamente
590 _aBATCH-UPD
_b10
_c20130110
_lUCH01
_h1059
590 _aCONVERSION
_b10
_c20130109
_lUCH01
_h1315
650 1 4 _aVid.
_9119097
650 1 4 _aVino.
_9119855
650 1 4 _aViticultura
_xCongresos.
_9120052
710 0 _aOffice International de la Vigne et du Vin.
_982795
901 _aBK
942 _cLIBRO
949 _a634.81 C6 1980
_bBC
_cLIBRO
_d33724000211058
_eLIBRO
_fv.1
_h58879
_i31912
_mD
_si
949 _a634.81 C6 1980
_bBC
_cLIBRO
_d33724000211066
_eLIBRO
_fv.1 c.2
_h58882
_i31912
_si
949 _a634.81 C6 1980
_bBC
_cLIBRO
_d33724000211074
_eLIBRO
_fv.2
_h58880
_i31912
_si
949 _a634.81 C6 1980
_bBC
_cLIBRO
_d33724000211082
_eLIBRO
_fv.3
_h58881
_i31912
_mD
_si
949 _a634.81 C6 1980
_bBC
_cLIBRO
_d33724000211090
_eLIBRO
_fv.2 c.2
_h58883
_i31912
_si
949 _a634.81 C6 1980
_bBC
_cLIBRO
_d33724000211108
_eLIBRO
_fv.3 c.2
_h58884
_i31912
_si
999 _c26839
_d26839